00405pab a2200133 454500008004000000100002000040245008200060260000900142300001500151650003400166650003200200650002300232773001600255180718b2015 xxu||||| |||| 00| 0 eng d aNyambura, Ruth  aAgrarian transformation(s) in Africa: what's in it for women in rural Africa? c2015 ap.306-313. aWomen in agriculture - Africa aAgrarian structure - Africa aAgrarian structure aDevelopment